000 00665nam a2200241Ia 4500
005 20260430150005.0
008 008 250103s9999 xx 000 0 eng d
037 _aTheses
040 _aCRL
040 _beng
040 _ceng
041 _2eng
041 _aeng
084 _qCRL
100 _aMachutmi W S Au.; Aphun Kamei Gu.
_91236131
245 0 _aTribes and notion of Land: Changes in agrarian structure and social relation amongst the tangkhul nagas
260 _c2021
300 _a268p.
650 _aSociology
700 _aUniversity of Delhi. Delhi school of Economics. Sociology
_91236132
942 _cTH
999 _c1848672
_d1848672